00711nam a2200157 a 450000500170000000800410001705000220005810000200008024500540010026000500015430000310020450000290023552002570026465000220052165000100054320140414093840.0071002s19uu xx 00 eng d aDVD 790bSNI 2005 aSnicket, Lemony aA series of unfortunate events /cLemony Snicket. aSl :bDream Works Home Entertainment,cc2005. a1 video disk (105.53 min.) aCast: Carrey, Jim, 1962- aWhen their wealthy parents are killed in a fire, the three Summary: Baudelaire orphans, Klaus, Violet and Sunny, are sent to live with a distant relative, the evil Count Olaf. They soon find out that he is plotting to kill them and seize their fortune. aFilm adaptations. aFilm.